Science Quiz

Random Science or Math Quiz

Double Trouble Math Operators Quiz Stats

 Plays Quiz Updated Mar 17, 2020

Support Sporcle.
Go Orange.
Score 0/12 Timer 03:00
0 Plays Today
% Correct
+,×
89.5%
-,÷
87.8%
×,÷
87.3%
-,÷
85.8%
+,-
84.5%
+,-
84.2%
-,×
83.8%
×,÷
83.7%
-,×
81.4%
+,÷
81.2%
+,÷
76.3%
+,×
75.5%

From the Vault

North and South America by Any 3 Letters

by Spacemaniac

This is one time when typing 'USA' won't get you anything.
Remove Ads.
Support Sporcle.
Get the best of Sporcle when you Go Orange. This ad-free experience offers more features, more stats, and more fun while also helping to support Sporcle. Thank you for becoming a member.

Show Comments

Extras

Top Quizzes Today


Score Distribution

Your Account Isn't Verified!

In order to create a playlist on Sporcle, you need to verify the email address you used during registration. Go to your Sporcle Settings to finish the process.

Report this User

Report this user for behavior that violates our Community Guidelines.

Details: